Ruština pre poslucháčov chémie a fyziky Prírodovedeckej fakulty Univerzity Komenského

Bibliographic Details
Main Author: Kunová, Izabela (Author)
Format: Book
Language:Russian
Slovak
Published: Bratislava Univerzita Komenského 1977
Edition:3. nezmen. vyd.
Series:Vysokoškolské skriptá
Subjects:

MARC

LEADER 00000cam a2200000 a 4500
001 vtls001105421
003 SK-MaSNL
005 20260301134725.0
008 240313s1977 xo 00000 rus
015 |a SNBA1977 
035 |a SNK000048263 
040 |a SNK  |b slo  |c SNK  |e AACR2 
041 0 |a rus  |a slo 
044 |a xo  |c SK 
080 |a 808.2:53+54(075.8)=82  |2 1981 
080 |a 53  |2 1981 
080 |a 54(075.8)=82  |2 1981 
080 |a 378  |2 1981 
080 |a 808.2  |2 1981 
100 1 |a Kunová, Izabela  |4 aut  |9 60521 
245 1 0 |a Ruština pre poslucháčov chémie a fyziky Prírodovedeckej fakulty Univerzity Komenského  |c Izabela Kunová 
250 |a 3. nezmen. vyd. 
260 |a Bratislava  |b Univerzita Komenského  |c 1977 
300 |a 252 s.  |b tab.  |c 29 cm 
366 |e 300 výt. 
490 1 |a Vysokoškolské skriptá 
500 |a Bibliogr. ; rus.-slov. a slov.-rus. slovník 
650 0 7 |a ruština  |2 SNKPH  |9 1346 
655 7 |a učebnice vysokých škôl  |2 SNKPH  |9 70191 
810 2 |a Univerzita Komenského v Bratislave  |t Vysokoškolské skriptá  |9 277216 
958 |a OND 
958 |a NB 
958 |a UV 
999 |c 757921  |d 759851 
952 |a SNK  |b SNK  |y PREZ  |7 0  |p 17A0925724  |o snkSB 25241  |i snkKSP 4342/77  |0 0  |1 0  |4 0  |d 2014-01-22  |f 1  |l 0  |r 2025-03-27 00:00:00  |w 2026-02-23 
952 |a SNK  |b SNK  |y VYP  |7 0  |o snkSB 25241 D1  |i snkKSP 4343/77  |0 0  |1 0  |4 0  |d 2014-01-22  |l 0  |r 2026-02-23 23:54:40  |w 2026-02-23